Responses for Show #794 - Thursday, February 4, 1988

Barbara-Anne Eddy game 4.
Final Jeopardy! logo flashes on the game board's monitors instead of the show's logo.

Contestants

[<< previous game]

Karen Conley, an airline customer service agent from Burlington, Kentucky

Cynthia Green, a journalist from Tarrytown, New York

Barbara-Anne Eddy, a freelance researcher from Vancouver, Canada (whose 3-day cash winnings total $30,400)

[next game >>]

Jeopardy! Round responses

CANADA
ART
'87 ANNIVERSARIES
(Alex: There were a number of important anniversaries last year & this is our way of paying tribute to those.)
BASEBALL
MUSICAL JEWELRY
5-LETTER WORDS
    $100 1
(Karen: What is French?)

English

Barbara-AnneKaren
    $100 20
Salvador Dali

Barbara-Anne
    $100 10
(Karen: What is Mars?)

the moon

CynthiaKaren
    $100 9
the bullpen

Barbara-Anne
    $100 6
Rolex

Karen
    $100 5
crust

Karen
    $200 2
(Alex: Your home province, I might add.)

British Columbia

Barbara-Anne
    $200 21
(Alex: We've got a minute to go.)

Leonardo da Vinci

Cynthia
    $200 18
(Barbara-Anne: What is Hormel?)

Spam

Barbara-AnneKaren
    $200 16
(Barbara-Anne: What are Florida & California?)

Florida & Arizona

Barbara-AnneCynthia
    $200 7
"Diamonds Are A Girl's Best Friend"

Barbara-Anne
    $200 11
sharp

Cynthia
    $300 3
maple leaf

Barbara-Anne
    $300 22
Dutch

Karen
    $300 19
Snow White and the Seven Dwarfs

Barbara-Anne
    $300 15
(Barbara-Anne: What is "Ruby"?)

"String Of Pearls"

Barbara-Anne
Triple Stumper
    $300 12
wreak

Cynthia
    $400 4
Toronto

Cynthia
    $400 23
Winslow Homer

Barbara-Anne
    $400 25
Howdy Doody

Barbara-Anne
    $300 17
(Cynthia: Afraid not, I don't know this.)

"Golden Earrings"

Cynthia
    $400 13
gamut

Cynthia
    $500 8
Quebec City

Karen
    $500 24
"Art for art's sake"

Barbara-Anne
    $500 26
Nathaniel Hawthorne

Barbara-Anne
    $500 27
[The end-of-round signal sounds.]
(Alex: We won't get to those last 3 clues. I didn't really like that BASEBALL category anyway!)

"Baubles, Bangles & Beads"

Karen
    $500 14
grand

Karen

Scores at the first commercial break (after clue 12):

Barbara-Anne Cynthia Karen
$900 $1,000 $500

Scores at the end of the Jeopardy! Round:

Barbara-Anne Cynthia Karen
$2,400 $1,500 $2,000

Double Jeopardy! Round responses

PRESIDENTS
ENGINEERING
"B" MOVIES
HISTORICAL DRAMA
THE ERA
[Alex pronounced the category title as shown, like in the reference to time.]
5-LETTER WOODS
(Alex: And this will be the last time you will ever see a "Woods" category on our program!)
    $200 1
Richard Nixon

Cynthia
    $200 17
suspension

Cynthia
    $200 12
(Alex: With Bruce Willis.)

Blind Date

Karen
    $200 6
Galileo

Barbara-Anne
    $200 11
Hawaii

Karen
    $200 14
totem

Barbara-Anne
    $400 2
Ronald Reagan

Karen
    $400 18
caissons

Cynthia
    $400 13
Babes in Toyland

Barbara-Anne
    $400 7
Martin Luther

Triple Stumper
    $400 15
plank

Cynthia
    $600 3
Theodore Roosevelt

Cynthia
    $800 19
Army Corps of Engineers

Cynthia
    $600 21
Bachelor Party

Barbara-Anne
    $600 8
North Carolina

Cynthia
    $600 16
stick

Cynthia
    $800 4
(Cynthia: Who was Hoover?)

George Washington

CynthiaKaren
    $800 20
South Africa

Barbara-Anne
    $800 22
Buck Privates

Barbara-Anne
    $800 9
Henry VIII

Barbara-Anne
    $2,000 28
(Karen: What is 25?)
[The end-of-round signal sounds.]

27

Karen
    $800 24
sumac

Barbara-Anne
    $1000 5
Andrew Jackson

Triple Stumper
    $1000 26
the arch

Cynthia
    $1000 23
(Cynthia: What are Gold Diggers?)

The Big Broadcast (or The Broadway Melody)

Barbara-AnneCynthia
    $1000 10
A Man for All Seasons

Barbara-Anne
    $1000 27
Colorado

Karen
    $1000 25
(Alex: We've got less than a minute to go.)

stave

Karen

Scores at the end of the Double Jeopardy! Round:

Barbara-Anne Cynthia Karen
$9,000 $4,500 $3,600
(lock-tie game)

[wagering suggestions for these scores]

Final Jeopardy! Round responses

WORLD CAPITALS
KarenWhat are Hanoi & ?
$3,600
CynthiaWhat are Havana & Hanoi?
$4,500
Barbara-AnneWhat are Hanoi and Havana?
$0
Hanoi (Vietnam) & Havana (Cuba)

Final scores:

Barbara-Anne Cynthia Karen
$9,000 $9,000 $0
4-day co-champion: $39,400 New co-champion: $9,000 2nd place: Broyhill 6-piece oak bedroom set & Ambassador Industries vertical blinds + either the Jeopardy! box game or Jeopardy! computer game

Game dynamics:

Coryat scores:

Barbara-Anne Cynthia Karen
$9,000 $4,600 $5,600
21 R,
3 W
16 R
(including 1 DD),
3 W
(including 1 DD)
13 R,
3 W
(including 1 DD)

Combined Coryat: $19,200

[game clues] [game scores] [suggest correction]

Game tape date: 1987-10-20
The J! Archive is created by fans, for fans. Scraping, republication, monetization, and malicious use prohibited; this site may use cookies and collect identifying information. See terms. The Jeopardy! game show and all elements thereof, including but not limited to copyright and trademark thereto, are the property of Jeopardy Productions, Inc. and are protected under law. This website is not affiliated with, sponsored by, or operated by Jeopardy Productions, Inc. Join the discussion at JBoard.tv.